000 00653cam a2200241 a 4500
001 4732914
005 20180226032801.0
008 840925s1985 cau b s001 0 eng
010 _a 84016332
020 _a0520054784 (pbk.)
020 _a0520054008
040 _aDLC
_cDLC
_dDLC
041 _aeng
043 _ad------
080 _a337.091724 KRA
082 0 0 _a337.091724 KRA
_219
100 1 _a19
101 _aPOL
245 1 0 _aStructural conflict :
_cStephen D. Krasner.
504 _aBibliography: p. 319-344.
906 _a7
_bcbc
_corignew
_d1
_eocip
_f19
_gy-gencatlg
942 _2ddc
_cBK
999 _c43388
_d43388